000 00649nam a2200205Ia 4500
003 GCL
005 20240530102333.0
008 140319s9999 xx 000 0 ara d
040 _aGCL /
_cGCL
082 0 4 _a811.008
_bز ج
100 1 _aابوزيد القرشى، محمد بن ابى الخط
245 1 0 _aجمهرة اشعار العرب /
_cابوزيد القرشى، محمد بن ابى الخط
260 _aبيروت :
_bدار صادر
300 _a365 ص
650 0 4 _aالشعر العربى
650 0 4 _aالادب العربى
650 0 4 _aدواوين وقصائد
650 0 4 _aتاريخ ونقد
942 _2ddc
_cBK
999 _c31519
_d31519